| 000 | 00883pam a2200265 a 4500 | ||
|---|---|---|---|
| 008 | |||
| 020 | _a0805309209 | ||
| 090 |
_aQH308.2 _bCAM |
||
| 100 | 1 | _aCampbell, Neil A. | |
| 245 | 1 | 0 |
_aBiology : _bconcepts & connections / _cNeil A. Campbell, Lawrence G. Mitchell, Jane B. Reece. |
| 260 |
_aRedwood City, Calif. : _bBenjamin/Cummings Pub. Co. , _cc1994. |
||
| 300 |
_axxxiii, 846 p. : _bill. (some col.), + maps (some col.) ; _c29 cm. |
||
| 440 | _aThe Benjamin/Cummings series in the life sciences. | ||
| 504 | _aIncludes bibliographical references. | ||
| 500 | _aIncludes index. | ||
| 650 | 0 | _aBiology. | |
| 700 | 1 | _aMitchell, Lawrence G. | |
| 700 | 1 | _aReece, Jane B. | |
| 907 |
_a.b10176834 _b06-11-12 _c27-09-05 |
||
| 003 | |||
| 005 | 20230123134118.0 | ||
| 040 | _cNUST | ||
| 049 | _aMAIN | ||
| 942 |
_cBOOKS _kQH308.2 _mCAM |
||
| 999 |
_c160235 _d160235 |
||